000 00406 a2200145 4500
005 20251120020003.0
020 _a0781721873
050 _aRJ245
_b.L57 2001
245 _aPediatric nursing /
_c[edited by] Mary E. Muscari.
250 _a3rd ed.
260 _aPhiladelphia :
_bJ.B. Lippincott Co.,
_c♭2001.
300 _axiv, 414 p. :
_bill. ;
_c24 cm.
504 _aIncludes index.
942 _2lcc
_cBK
_n0
_07
999 _c3562
_d3562